The customs and ceremonies of Britain: an encyclopaedia of living traditions

محفوظ في:
التفاصيل البيبلوغرافية
المؤلف الرئيسي: Kightly, Charles (مؤلف)
التنسيق: كتاب
اللغة:الإنجليزية
منشور في: Londres Thames and Hudson 1986
الموضوعات:
الوسوم: إضافة وسم
لا توجد وسوم, كن أول من يضع وسما على هذه التسجيلة!

MARC

LEADER 00000cam a2200000 a 4500
001 UCG9756
003 CL-VaPUC
008 120330e19860000UK |||||||||||||||||eng|d
082 0 4 |a 390.08  |b KIG  |2 21 
100 0 |a Kightly, Charles  |e author  |9 561422 
245 1 4 |a The customs and ceremonies of Britain: an encyclopaedia of living traditions 
300 |a 248 p 
942 |c BK 
945 |d 20120330 00:00:00  |a dcastane 
260 |a Londres  |b Thames and Hudson  |c 1986 
650 0 |a Costumbres y tradiciones   |9 268292 
650 7 |a JUEGOS TRADICIONALES  |2 CL-VaPUC  |9 421256 
650 7 |a FOLKLORE  |2 CL-VaPUC  |9 268291 
651 0 |a Gran Bretaña  |9 256767 
583 |a last modification  |c 20120330 10:33:00  |k Rodrigo Vera 
999 |c 347299  |d 347297 
952 |0 0  |1 0  |4 0  |6 390_080000000000000_KIG_1986  |7 0  |8 A  |9 448554  |a BIBEDU  |b BIBEDU  |d 2019-11-22  |i 4842235  |o 390.08 KIG 1986  |p 4842235  |r 2019-11-22  |w 2019-11-22  |y BK  |k LIT